000
00202nam a22000857a 4500
008
170623b xxu||||| |||| 00| 0 eng d
100
_9
3645
_a
Siddig M. N
245
_a
General Science - 2
260
_a
New Delhi
999
_c
7040
_d
7040